00598 a2200181 4500003000400000005001700004008004100021020001800062040000900080082001700089100002200106245006500128260002500193300000900218942004000227952013200267999001700399OSt20231214130729.0231214b |||||||| |||| 00| 0 eng d a9788120340695 coclc a530.1bARU/Q aAruldhas, G94106 aQuantum mechanics: 500 Problems with Solutions /cG Aruldhas bPHI Learning,c2022. a363p 2ddccBKh530.1iARU/Qk530.1mARU/Q 00102ddc40708PHYSICSaMESbMEScPHYd2023-12-14l0o530.1 ARU/Qp44186r2023-12-14 13:06:43v595.00w2023-12-14yBKzGL11R2 c44216d44216